City of Castroville.

Bibliographic Details
Corporate Author: Castroville Chamber of Commerce
Format: Map
Language:English
Published: Castroville, Tex. : Chamber of Commerce, [1976]
Subjects:

MARC

Tag First Indicator Second Indicator Subfields
LEADER 00000cem a2200000 a 4500
001 in00002781280
005 20150922104712.0
007 aj aazba
008 900426s1976 txu a 0 eng
034 1 |a a  |b 4800 
040 |d UtOrBLW 
043 |a n-us-tx 
052 |a 4034  |b C282 
090 |a G4034.C282 1976  |b .C3 
110 2 |a Castroville Chamber of Commerce. 
245 1 0 |a City of Castroville. 
246 1 |i Panel title:  |a Castroville a bicentennial city 
255 |a Scale [1:4,800]. 
264 1 |a Castroville, Tex. :  |b Chamber of Commerce,  |c [1976] 
300 |a 1 map ;  |c 47 x 55 cm. 
336 |a cartographic image  |b cri  |2 rdacontent 
337 |a unmediated  |b n  |2 rdamedia 
338 |a sheet  |b nb  |2 rdacarrier 
500 |a Text and ill. on verso. 
500 |a Cartographic material. 
651 0 |a Castroville (Tex.)  |v Maps. 
948 |a Needs original cataloging  |b h  |c 2012/8/1  |d c  |e jgreene  |f 9:37:18 am 
999 |a MARS 
999 f f |s 256575e9-673d-33f1-8997-b70885d47b45  |i b2f85b84-1482-3758-ba88-79de739f36c0  |t 0 
952 f f |p normal  |a Texas A&M University  |b College Station  |c Sterling C. Evans Library  |d Evans: Maps (2nd floor)  |t 0  |e G4034.C282 1976 .C3  |h Library of Congress classification  |i unmediated -- sheet  |m A14841100824 
998 f f |a G4034.C282 1976 .C3  |t 0  |l Evans: Maps (2nd floor)